[Event "Arco op 38th"]
[Site "Arco"]
[Date "2016.10.16"]
[Round "9"]
[White "Cleve Prinz, Wolfgang"]
[Black "Occari, Maurizio"]
[Result "1/2-1/2"]
[WhiteElo "1917"]
[BlackElo "2033"]
[PlyCount "40"]
[EventDate "2016.10.08"]
[EventType "swiss"]
[EventRounds "9"]
[EventCountry "ITA"]
[SourceTitle "EXT 2017"]
[Source "ChessBase"]
[SourceDate "2016.10.25"]
[SourceVersion "1"]
[SourceVersionDate "2016.10.25"]
[SourceQuality "1"]

1. Nf3 c5 2. c4 Nc6 3. Nc3 g6 4. e3 Bg7 5. d4 cxd4 6. exd4 d6 7. Be2 Bd7 8. 0-0 Nf6 9. d5 Nb4 10. Be3 0-0 11. Qd2 Na6 12. Rfe1 Nc5 13. Bh6 Nce4 14. Nxe4 Nxe4 15. Qe3 Nf6 16. Bxg7 Kxg7 17. Bd3 Qc7 18. Qd4 Rfe8 19. Rad1 Rac8 20. b3 Qc5 1/2-1/2

[Event "Arco op 38th"]
[Site "Arco"]
[Date "2016.10.11"]
[Round "4"]
[White "Occari, Maurizio"]
[Black "Prosperi, Agostino"]
[Result "1-0"]
[WhiteElo "2033"]
[BlackElo "1857"]
[PlyCount "71"]
[EventDate "2016.10.08"]
[EventType "swiss"]
[EventRounds "9"]
[EventCountry "ITA"]
[SourceTitle "EXT 2017"]
[Source "ChessBase"]
[SourceDate "2016.10.25"]
[SourceVersion "1"]
[SourceVersionDate "2016.10.25"]
[SourceQuality "1"]

1. e4 e5 2. Nf3 Nc6 3. Bc4 Be7 4. 0-0 Nf6 5. Re1 d6 6. h3 0-0 7. Nc3 Na5 8. Bf1 c5 9. Nd5 Nxd5 10. exd5 a6 11. c3 b5 12. b4 Nb7 13. bxc5 Nxc5 14. d4 exd4 15. Nxd4 Bf6 16. Be3 Bb7 17. Qf3 Ne6 18. Red1 Rc8 19. Rac1 Nxd4 20. Bxd4 Bxd4 21. Rxd4 Qg5 22. Rcd1 Rc5 23. c4 Rfc8 24. Rg4 Qe5 25. Re4 Qf6 26. Rf4 Qe7 27. Rdd4 Qc7 28. Bd3 Rf8 29. Rh4 g6 30. Qf6 Qd8 31. Qf4 f6 32. Qh6 Rf7 33. Bxg6 Rg7 34. Bxh7+ Kf8 35. Rhg4 Qe7 36. Rde4 1-0

[Event "Arco op 36th"]
[Site "Arco"]
[Date "2014.10.12"]
[Round "9"]
[White "Dalla Vecchia, Paolo"]
[Black "Occari, Maurizio"]
[Result "0-1"]
[WhiteElo "1897"]
[BlackElo "2036"]
[PlyCount "70"]
[EventDate "2014.10.04"]
[EventType "swiss"]
[EventRounds "9"]
[EventCountry "ITA"]
[SourceTitle "EXT 2016"]
[Source "ChessBase"]
[SourceDate "2015.10.08"]
[SourceVersion "1"]
[SourceVersionDate "2015.10.08"]
[SourceQuality "1"]

1. d4 g6 2. c4 Bg7 3. e4 d6 4. Nc3 Nf6 5. h3 0-0 6. Nf3 e5 7. dxe5 dxe5 8. Qxd8 Rxd8 9. Bg5 c6 10. Nxe5 Re8 11. Bxf6 Bxf6 12. f4 Nd7 13. Nxd7 Bxc3+ 14. bxc3 Rxe4+ 15. Kf2 Bxd7 16. Rd1 Re7 17. c5 Rae8 18. Bc4 Be6 19. Bb3 Bxb3 20. axb3 Re2+ 21. Kg1 Rb2 22. b4 Ree2 23. g4 Rg2+ 24. Kf1 Rgf2+ 25. Kg1 Rfc2 26. g5 Rxc3 27. Rh2 Rxb4 28. Rd8+ Kg7 29. Re2 Rxf4 30. Kh2 Rh4 31. Re7 Rb4 32. Rd1 Rb2+ 33. Kg1 Rxc5 34. h4 Rcc2 35. Rf1 Rg2+ 0-1

[Event "Arco op 36th"]
[Site "Arco"]
[Date "2014.10.09"]
[Round "6"]
[White "Zucchelli, Massimo"]
[Black "Occari, Maurizio"]
[Result "1-0"]
[WhiteElo "2190"]
[BlackElo "2036"]
[PlyCount "63"]
[EventDate "2014.10.04"]
[EventType "swiss"]
[EventRounds "9"]
[EventCountry "ITA"]
[SourceTitle "EXT 2016"]
[Source "ChessBase"]
[SourceDate "2015.10.08"]
[SourceVersion "1"]
[SourceVersionDate "2015.10.08"]
[SourceQuality "1"]

1. d4 g6 2. c4 Bg7 3. Nc3 d6 4. e4 Nf6 5. Be2 0-0 6. Bg5 c6 7. Qd2 a6 8. Nf3 b5 9. a3 Re8 10. 0-0 Bb7 11. Rae1 bxc4 12. Bxc4 e6 13. Be2 Qb6 14. Qf4 Nbd7 15. Bxf6 Nxf6 16. Qxd6 Qxb2 17. Qc5 Bf8 18. Qc4 Qxa3 19. Rb1 Rab8 20. Rb3 Qa5 21. Rfb1 Qc7 22. e5 Nd7 23. R3b2 a5 24. Ng5 Bb4 25. Qd3 Qd8 26. Nce4 Kg7 27. Bg4 Rh8 28. Bxe6 Bc8 29. Nxf7 Qe7 30. Qh3 c5 31. Qh6+ Kg8 32. Nfg5+ 1-0

[Event "Arco op 36th"]
[Site "Arco"]
[Date "2014.10.07"]
[Round "4"]
[White "Huemmer, Bernd"]
[Black "Occari, Maurizio"]
[Result "0-1"]
[WhiteElo "2185"]
[BlackElo "2036"]
[PlyCount "110"]
[EventDate "2014.10.04"]
[EventType "swiss"]
[EventRounds "9"]
[EventCountry "ITA"]
[SourceTitle "CBM 162 Extra"]
[Source "ChessBase"]
[SourceDate "2014.10.17"]
[SourceVersion "1"]
[SourceVersionDate "2014.10.17"]
[SourceQuality "1"]

1. d4 Nf6 2. c3 g6 3. Nf3 b6 4. Bf4 Bg7 5. Nbd2 Bb7 6. e3 0-0 7. Bd3 d6 8. 0-0 Nbd7 9. e4 e5 10. Bg5 exd4 11. cxd4 h6 12. Bh4 g5 13. Bg3 Nh5 14. Re1 Re8 15. Rc1 Rc8 16. Bb1 Nxg3 17. hxg3 Qf6 18. Qa4 c6 19. Qxa7 Rc7 20. e5 dxe5 21. Nxe5 Ra8 22. Nxd7 Rxa7 23. Nxf6+ Bxf6 24. Nf3 Ra4 25. b3 Rb4 26. Rc4 Rb5 27. Be4 Ra5 28. d5 c5 29. d6 Rd7 30. Bxb7 Rxb7 31. a4 Ra8 32. Rd1 Rd7 33. Rc2 Rad8 34. Rcd2 Bc3 35. Rd5 f6 36. R1d3 Bb4 37. Nh2 Kf7 38. Ng4 Ke6 39. Nxh6 Rxd6 40. Rxd6+ Rxd6 41. Rxd6+ Kxd6 42. Nf5+ Ke5 43. g4 Ke4 44. Kf1 Kd3 45. Ne3 Kc3 46. Ke2 Kxb3 47. Kd3 Kxa4 48. Nd5 b5 49. Kc2 Be1 50. f4 b4 51. Nxf6 c4 52. Ne4 b3+ 53. Kb1 c3 54. fxg5 c2+ 55. Kb2 Bb4 0-1

[Event "Senigallia op 5th"]
[Site "Senigallia"]
[Date "2010.08.03"]
[Round "2"]
[White "Aleksic, Nenad"]
[Black "Occari, Maurizio"]
[Result "1/2-1/2"]
[WhiteElo "2383"]
[BlackElo "2038"]
[PlyCount "37"]
[EventDate "2010.08.02"]
[EventType "swiss"]
[EventRounds "7"]
[EventCountry "ITA"]
[SourceTitle "CBM 137 Extra"]
[Source "ChessBase"]
[SourceDate "2010.09.01"]
[SourceVersion "1"]
[SourceVersionDate "2010.09.01"]
[SourceQuality "1"]

1. e4 g6 2. d4 Bg7 3. Nc3 d6 4. Bg5 Nc6 5. Nge2 a6 6. Qd2 b5 7. f3 Na5 8. Ng3 Be6 9. d5 Bd7 10. h4 h5 11. Bd3 c5 12. dxc6 Bxc6 13. Nge2 Rc8 14. Be3 Nf6 15. Nd4 Bb7 16. 0-0-0 Nd7 17. Nb3 Nxb3+ 18. axb3 Qa5 19. Nb1 1/2-1/2

[Event "Senigallia op 5th"]
[Site "Senigallia"]
[Date "2010.08.02"]
[Round "1"]
[White "Occari, Maurizio"]
[Black "Buratti, Ettore"]
[Result "1-0"]
[WhiteElo "2038"]
[BlackElo "1839"]
[PlyCount "111"]
[EventDate "2010.08.02"]
[EventType "swiss"]
[EventRounds "7"]
[EventCountry "ITA"]
[SourceTitle "CBM 137 Extra"]
[Source "ChessBase"]
[SourceDate "2010.09.01"]
[SourceVersion "1"]
[SourceVersionDate "2010.09.01"]
[SourceQuality "1"]

1. e4 d6 2. d4 Nf6 3. Bd3 g6 4. Ne2 Bg7 5. 0-0 0-0 6. f3 Nbd7 7. Be3 c5 8. c3 Qc7 9. a4 b6 10. Na3 Bb7 11. Qd2 e5 12. d5 Nh5 13. g4 Nf4 14. Nxf4 exf4 15. Bxf4 Ne5 16. Nc4 Rad8 17. Ne3 Bc8 18. Kh1 Qe7 19. Bg3 Rfe8 20. Bb5 Rf8 21. Qe2 Bf6 22. a5 Bh4 23. f4 Nd7 24. Bd3 Bxg3 25. hxg3 Nf6 26. axb6 axb6 27. Nc4 Bxg4 28. Qg2 Qb7 29. Ne3 Ra8 30. e5 Rfe8 31. Rae1 dxe5 32. fxe5 Qd7 33. Rxf6 Rxe5 34. Nc2 Rae8 35. Rxe5 Rxe5 36. c4 Qe7 37. Qf2 Kg7 38. Rf4 f5 39. Qd2 Kg8 40. Rf2 Qe8 41. Bf1 Re4 42. Rf4 Re5 43. Rf2 Re4 44. d6 Qd7 45. Bg2 Re8 46. Ne3 Bh5 47. g4 fxg4 48. Bd5+ Kh8 49. Qc3+ Qg7 50. d7 Rd8 51. Rf7 Qxc3 52. bxc3 g5 53. Re7 g3 54. Kg2 Bg6 55. Kxg3 Bh5 56. Nf5 1-0

[Event "Padova/Monselice Province 70th"]
[Site "Padova"]
[Date "2010.01.16"]
[Round "2.1"]
[White "Occari, Maurizio"]
[Black "Scoonhoven, Edgar"]
[Result "1-0"]
[WhiteElo "2034"]
[BlackElo "1859"]
[PlyCount "75"]
[EventDate "2010.01.15"]
[EventType "swiss"]
[EventRounds "5"]
[EventCountry "ITA"]
[SourceTitle "EXT 2024"]
[Source "ChessBase"]
[SourceDate "2023.10.10"]
[SourceVersion "1"]
[SourceVersionDate "2023.10.10"]
[SourceQuality "1"]

1. e4 c5 2. f4 d5 3. exd5 Nf6 4. Bb5+ Bd7 5. Bxd7+ Qxd7 6. c4 e6 7. dxe6 Qxe6+ 8. Qe2 Nc6 9. Qxe6+ fxe6 10. Nf3 Nb4 11. Na3 Nd3+ 12. Kf1 Bd6 13. g3 0-0-0 14. Kg2 Bb8 15. Rd1 Rhe8 16. Nc2 e5 17. f5 e4 18. Nfe1 Be5 19. Nxd3 Rxd3 20. Rb1 Red8 21. Re1 h5 22. Ne3 Bd4 23. h3 a6 24. b4 cxb4 25. Rxb4 Bc5 26. Rb3 Rxb3 27. axb3 Rd3 28. Nd5 Nxd5 29. cxd5 Rxb3 30. Rxe4 b5 31. Re6 Kb7 32. d6 Rd3 33. Re7+ Kc6 34. Rc7+ Kb6 35. Rxg7 Bxd6 36. f6 b4 37. f7 b3 38. Rg6 1-0

[Event "Padova/Monselice Province 70th"]
[Site "Padova"]
[Date "2010.01.15"]
[Round "1.1"]
[White "Meggiorin, Orlando"]
[Black "Occari, Maurizio"]
[Result "0-1"]
[WhiteElo "1826"]
[BlackElo "2034"]
[PlyCount "138"]
[EventDate "2010.01.15"]
[EventType "swiss"]
[EventRounds "5"]
[EventCountry "ITA"]
[SourceTitle "EXT 2024"]
[Source "ChessBase"]
[SourceDate "2023.10.10"]
[SourceVersion "1"]
[SourceVersionDate "2023.10.10"]
[SourceQuality "1"]

1. e4 g6 2. Nf3 Bg7 3. d4 d6 4. Bd3 Bg4 5. Be3 c5 6. c3 Qc7 7. Nbd2 Nf6 8. h3 Bd7 9. 0-0 0-0 10. e5 Nd5 11. Re1 Nxe3 12. Rxe3 dxe5 13. Nxe5 cxd4 14. cxd4 Nc6 15. Nxc6 Bxc6 16. Nb3 Rfd8 17. Be2 e6 18. Bf3 Rd6 19. Bxc6 Qxc6 20. Rd3 Rad8 21. Rc1 Qb6 22. Rc4 Qa6 23. Qc2 b6 24. Rc7 Bxd4 25. Nxd4 Rxd4 26. Rf3 Rd1+ 27. Kh2 R1d7 28. Rxd7 Rxd7 29. Qc6 Qb7 30. Qxb7 Rxb7 31. Rc3 Rd7 32. Rc2 e5 33. Kg3 f5 34. f3 Kf7 35. Rc6 g5 36. Rc2 h5 37. Kf2 h4 38. Ke2 Ke6 39. Rc6+ Rd6 40. Rc7 a5 41. Rg7 Kf6 42. Rh7 Re6 43. Rc7 f4 44. a3 e4 45. fxe4 Rxe4+ 46. Kf2 b5 47. Rc5 Re5 48. Rc6+ Kf5 49. Rc3 Ke4 50. Rc2 Kd3 51. Rc3+ Kd2 52. Rc6 Kd3 53. Rc3+ Kd4 54. Rc2 Re3 55. Rc6 b4 56. axb4 axb4 57. Rd6+ Kc4 58. Rd2 Kb3 59. Rd5 Rg3 60. Rd2 f3 61. gxf3 Rxh3 62. Kg2 Rg3+ 63. Kf2 g4 64. fxg4 Rxg4 65. Kf3 Rg3+ 66. Kf2 Rg6 67. Kf1 Rc6 68. Ke1 Rc1+ 69. Ke2 Rc2 0-1

[Event "Chioggia op-A 04th"]
[Site "Chioggia"]
[Date "2009.10.09"]
[Round "1"]
[White "Occari, Maurizio"]
[Black "Campagnola, Giacomo"]
[Result "1-0"]
[WhiteElo "2041"]
[BlackElo "1830"]
[PlyCount "41"]
[EventDate "2009.10.09"]
[EventType "swiss"]
[EventRounds "5"]
[EventCountry "ITA"]
[SourceTitle "EXT 2022"]
[Source "ChessBase"]
[SourceDate "2021.10.06"]
[SourceVersion "1"]
[SourceVersionDate "2021.10.06"]
[SourceQuality "1"]

1. e4 c5 2. Nc3 d6 3. f4 g6 4. Nf3 Bg7 5. d3 e6 6. Be2 Ne7 7. Be3 Nbc6 8. Qd2 a6 9. a4 0-0 10. 0-0 f5 11. Rad1 Qc7 12. d4 cxd4 13. Nxd4 Rd8 14. Nxc6 bxc6 15. e5 d5 16. Bc5 Bb7 17. a5 Rf8 18. Na4 Rae8 19. Qb4 Nc8 20. Bxf8 Rxf8 21. Nc5 1-0

[Event "Senigallia op 3rd"]
[Site "Senigallia"]
[Date "2008.08.08"]
[Round "7"]
[White "Ricci, Alessio"]
[Black "Occari, Maurizio"]
[Result "0-1"]
[WhiteElo "1856"]
[BlackElo "1991"]
[PlyCount "50"]
[EventDate "2008.08.02"]
[EventType "swiss"]
[EventRounds "9"]
[EventCountry "ITA"]
[SourceTitle "EXT 2011"]
[Source "ChessBase"]
[SourceDate "2010.11.26"]
[SourceVersion "1"]
[SourceVersionDate "2010.11.26"]
[SourceQuality "1"]

1. e4 g6 2. d4 Bg7 3. Nf3 d6 4. Bc4 Nf6 5. Qd3 0-0 6. 0-0 c6 7. Bb3 b5 8. a4 b4 9. Nbd2 d5 10. Qe3 a5 11. Ne5 Qb6 12. h3 Na6 13. Rb1 Nc7 14. c3 dxe4 15. Nxe4 Nxe4 16. Qxe4 Bf5 17. Qxc6 Qxc6 18. Nxc6 Bxb1 19. Nxe7+ Kh8 20. Bf4 Ne6 21. Bg3 Bd3 22. Rd1 Ba6 23. d5 Nc5 24. Ba2 bxc3 25. bxc3 Nxa4 0-1

[Event "Emilia Romagna Province-ch"]
[Site "Formigine"]
[Date "2007.05.01"]
[Round "5"]
[White "Occari, Maurizio"]
[Black "Bianchi, Andrea"]
[Result "0-1"]
[WhiteElo "1994"]
[BlackElo "2131"]
[PlyCount "104"]
[EventDate "2007.04.28"]
[EventType "swiss"]
[EventRounds "6"]
[EventCountry "ITA"]
[SourceTitle "EXT 2009"]
[Source "ChessBase"]
[SourceDate "2008.11.26"]
[SourceVersion "1"]
[SourceVersionDate "2008.11.26"]
[SourceQuality "1"]

1. e4 d6 2. d4 Nf6 3. Nc3 e5 4. d5 c6 5. Bg5 Qb6 6. Rb1 Nbd7 7. Bc4 Qb4 8. Qe2 cxd5 9. exd5 Nb6 10. Bb5+ Bd7 11. Bxf6 gxf6 12. Bxd7+ Kxd7 13. a3 Qa5 14. Qf3 Be7 15. Nge2 Rag8 16. 0-0 Rg6 17. Kh1 Qc5 18. Ng3 Kd8 19. Nf5 Rhg8 20. Rg1 Qc4 21. h3 Nc8 22. Rbd1 a6 23. b3 Qc5 24. a4 Kd7 25. Qd3 Bf8 26. Ne4 Qb4 27. Qe3 Qb6 28. Qf3 Qd8 29. Rd3 Kc7 30. c4 Kb8 31. g3 Qd7 32. Kh2 h5 33. Nh4 f5 34. Nxf5 Ne7 35. Nh4 f5 36. Nxg6 Rxg6 37. Nc3 Bg7 38. Re3 Qe8 39. Qxh5 Qg8 40. Ne2 Rh6 41. Qg5 Qf8 42. Nf4 Bf6 43. Ne6 Qh8 44. Qxh6 Qxh6 45. f4 Ng6 46. Rf1 exf4 47. gxf4 Be5 48. Ref3 Bf6 49. Rg1 a5 50. Re1 Ka7 51. Ref1 Kb6 52. Kg2 Nh4+ 0-1

[Event "Emilia Romagna Province-ch"]
[Site "Formigine"]
[Date "2007.04.29"]
[Round "4"]
[White "Martinello, Christian"]
[Black "Occari, Maurizio"]
[Result "0-1"]
[WhiteElo "2051"]
[BlackElo "1994"]
[PlyCount "108"]
[EventDate "2007.04.28"]
[EventType "swiss"]
[EventRounds "6"]
[EventCountry "ITA"]
[SourceTitle "EXT 2009"]
[Source "ChessBase"]
[SourceDate "2008.11.26"]
[SourceVersion "1"]
[SourceVersionDate "2008.11.26"]
[SourceQuality "1"]

1. Nf3 Nf6 2. d4 g6 3. c4 Bg7 4. Nc3 d6 5. e4 0-0 6. Be2 Nc6 7. 0-0 e5 8. d5 Ne7 9. b4 a5 10. Rb1 axb4 11. Rxb4 b6 12. Bg5 Nd7 13. Bxe7 Qxe7 14. Nd2 f5 15. Ra4 Rxa4 16. Qxa4 Nc5 17. Qa7 Bb7 18. Qa3 Bh6 19. Qb2 Qg5 20. Nf3 Qf6 21. Qc2 Bc8 22. Bd3 Qe7 23. Nd2 Bf4 24. Nf3 g5 25. g3 g4 26. Nh4 fxe4 27. Nxe4 Nxd3 28. Qxd3 Bh6 29. Qa3 Qf7 30. Re1 Bg5 31. Ng2 Bd8 32. Qc3 Qg6 33. Re2 Rf3 34. Qc1 Bf5 35. Qc2 Ra3 36. Ne1 h5 37. Qb2 Ra4 38. Qb3 Ra5 39. Nd2 Bg5 40. Nf1 Bd7 41. Ne3 Kg7 42. N1g2 Ba4 43. Qb2 Kh7 44. Ne1 Qe4 45. N1g2 Ra8 46. Qc1 Rf8 47. Rb2 Kg7 48. Qc3 Qf3 49. Qd3 Bd7 50. Ne1 Qf6 51. N1g2 h4 52. Qd2 hxg3 53. fxg3 Qf3 54. Ne1 Bxe3+ 0-1

[Event "Pedavena op-A 2nd"]
[Site "Pedavena"]
[Date "2006.08.02"]
[Round "3"]
[White "Santi, Andrea"]
[Black "Occari, Maurizio"]
[Result "1/2-1/2"]
[WhiteElo "1848"]
[BlackElo "2082"]
[PlyCount "47"]
[EventDate "2006.08.01"]
[EventType "swiss"]
[EventRounds "7"]
[EventCountry "ITA"]
[SourceTitle "EXT 2023"]
[Source "ChessBase"]
[SourceDate "2022.10.05"]
[SourceVersion "1"]
[SourceVersionDate "2022.10.05"]
[SourceQuality "1"]

1. Nf3 g6 2. d4 Bg7 3. e4 d6 4. Nc3 Nf6 5. h3 0-0 6. Be3 c6 7. Qd2 b5 8. a3 a6 9. Bd3 Bb7 10. 0-0 Qc7 11. Rfe1 c5 12. d5 Nbd7 13. Bh6 c4 14. Bf1 Ne5 15. Nd4 Qb6 16. Be3 Qa5 17. f4 Ned7 18. Nf3 Qc7 19. Bd4 Nc5 20. Rad1 Rad8 21. Qf2 Rc8 22. g3 Rfe8 23. Bg2 e6 24. Nh2 1/2-1/2

[Event "Pedavena op-A 2nd"]
[Site "Pedavena"]
[Date "2006.08.01"]
[Round "1"]
[White "Dussin, Davide"]
[Black "Occari, Maurizio"]
[Result "0-1"]
[WhiteElo "1823"]
[BlackElo "2082"]
[PlyCount "104"]
[EventDate "2006.08.01"]
[EventType "swiss"]
[EventRounds "7"]
[EventCountry "ITA"]
[SourceTitle "EXT 2023"]
[Source "ChessBase"]
[SourceDate "2022.10.05"]
[SourceVersion "1"]
[SourceVersionDate "2022.10.05"]
[SourceQuality "1"]

1. d4 g6 2. c4 Bg7 3. Nc3 d6 4. e4 Nf6 5. Nf3 0-0 6. Be2 Nc6 7. d5 Ne5 8. Nxe5 dxe5 9. Be3 e6 10. 0-0 exd5 11. cxd5 Ne8 12. Rc1 a6 13. Qd2 f5 14. f3 f4 15. Bf2 g5 16. Na4 Kh8 17. Rfd1 b6 18. Qb4 Rf6 19. Qc3 Rg6 20. b3 h5 21. Nb2 g4 22. Nd3 Qg5 23. Be1 h4 24. Rc2 gxf3 25. Bxf3 Bg4 26. Nf2 Bxf3 27. Qxf3 Bf8 28. Nd3 Bd6 29. Kh1 Nf6 30. Qh3 Rh6 31. Nf2 Rg8 32. Rdc1 Qg6 33. Qf3 Rh5 34. Bc3 Rg5 35. Nh3 Rg4 36. Re1 Nxd5 37. exd5 Qxc2 38. Nxf4 Qf5 39. Nh3 Qxf3 40. gxf3 Rg2 41. f4 Rc2 42. Bxe5+ Kh7 43. Bxd6 cxd6 44. Ng5+ Kg6 45. Nf3 Kh5 46. f5 Rf2 47. Nd4 h3 48. Ne2 Rgg2 49. Ng3+ Kg4 50. Nf1 Kg5 51. a3 Rxf5 52. Ne3 Re5 0-1

[Event "Pedavena op 1st"]
[Site "Pedavena"]
[Date "2005.08.04"]
[Round "3"]
[White "Fragni, Enrico"]
[Black "Occari, Maurizio"]
[Result "1-0"]
[WhiteElo "1861"]
[BlackElo "2124"]
[PlyCount "93"]
[EventDate "2005.08.03"]
[EventType "swiss"]
[EventRounds "6"]
[EventCountry "ITA"]
[SourceTitle "EXT 2007"]
[Source "ChessBase"]
[SourceDate "2006.11.23"]
[SourceVersion "1"]
[SourceVersionDate "2006.11.23"]
[SourceQuality "1"]

1. e4 c5 2. Nf3 e6 3. d4 cxd4 4. Nxd4 Nc6 5. c3 Nf6 6. f3 a6 7. Be3 Qc7 8. Nd2 d5 9. Nxc6 bxc6 10. Bd3 Bd6 11. g3 Bb7 12. Qc2 c5 13. exd5 exd5 14. 0-0-0 h6 15. Rhe1 0-0 16. Kb1 Bc6 17. Ka1 Bb5 18. Bf5 a5 19. c4 Ba6 20. cxd5 Nxd5 21. Be4 Nb4 22. Qc1 Rab8 23. Nc4 Be7 24. Bf4 Qa7 25. Bxb8 Rxb8 26. a3 Bf6 27. Rd2 Bb5 28. f4 Bd4 29. Ne5 Na6 30. Bb1 Nb4 31. g4 Nd5 32. Rg2 Ba4 33. Ba2 Bb3 34. Nc6 Qa8 35. Nxb8 Bxa2 36. Re8+ Kh7 37. Qc2+ g6 38. Kxa2 Nb4+ 39. axb4 axb4+ 40. Kb1 Kg7 41. Rge2 Qh1+ 42. Re1 Qd5 43. Rd1 b3 44. Qd3 Qb7 45. Na6 Qc6 46. Re4 Qa4 47. Rxd4 1-0

[Event "Caorle op"]
[Site "Caorle"]
[Date "1988.??.??"]
[Round "2"]
[White "Occari, Maurizio"]
[Black "Crispi, Guido"]
[Result "0-1"]
[WhiteElo "2025"]
[BlackElo "1970"]
[PlyCount "52"]
[EventDate "1988.??.??"]
[EventType "swiss"]
[EventRounds "8"]
[EventCountry "ITA"]
[SourceTitle "EXT 1999"]
[Source "ChessBase"]
[SourceDate "1998.11.16"]
[SourceVersion "1"]
[SourceVersionDate "1998.11.16"]
[SourceQuality "1"]

1. e4 c5 2. f4 Nc6 3. Nf3 g6 4. Be2 Bg7 5. c4 d6 6. h3 e6 7. Nc3 Nge7 8. 0-0 0-0 9. d3 b6 10. g4 f5 11. exf5 exf5 12. g5 d5 13. Bd2 Bb7 14. Re1 Kh8 15. Bf1 Nd4 16. Bg2 dxc4 17. dxc4 Nxf3+ 18. Bxf3 Bxf3 19. Qxf3 Qxd2 20. Rad1 Qxb2 21. Nb5 Ng8 22. Re2 Qb4 23. Qd5 Rae8 24. a3 Qb3 25. Rd3 Qb1+ 26. Rd1 Bd4+ 0-1

[Event "Caorle op"]
[Site "Caorle"]
[Date "1988.??.??"]
[Round "4"]
[White "Occari, Maurizio"]
[Black "Grooten, Herman"]
[Result "0-1"]
[WhiteElo "2025"]
[BlackElo "2325"]
[PlyCount "48"]
[EventDate "1988.??.??"]
[EventType "swiss"]
[EventRounds "8"]
[EventCountry "ITA"]
[SourceTitle "EXT 1999"]
[Source "ChessBase"]
[SourceDate "1998.11.16"]
[SourceVersion "1"]
[SourceVersionDate "1998.11.16"]
[SourceQuality "1"]

1. e4 c6 2. d4 d5 3. exd5 cxd5 4. c4 Nf6 5. Nc3 e6 6. Nf3 Bb4 7. a3 Bxc3+ 8. bxc3 0-0 9. c5 b6 10. cxb6 Qxb6 11. Bd3 Ba6 12. 0-0 Nbd7 13. a4 Bxd3 14. Qxd3 Rfc8 15. Ra3 Rc6 16. Bf4 Rac8 17. Rb1 Rxc3 18. Rxb6 Rxd3 19. Rxd3 Nxb6 20. Ra3 Ne4 21. Ne5 f6 22. Nd3 Rc4 23. f3 Nc3 24. a5 Nba4 0-1

[Event "Caorle op"]
[Site "Caorle"]
[Date "1988.??.??"]
[Round "5"]
[White "Occari, Maurizio"]
[Black "Weinberg, Emanuele"]
[Result "1-0"]
[WhiteElo "2025"]
[BlackElo "1955"]
[PlyCount "85"]
[EventDate "1988.??.??"]
[EventType "swiss"]
[EventRounds "8"]
[EventCountry "ITA"]
[SourceTitle "EXT 1999"]
[Source "ChessBase"]
[SourceDate "1998.11.16"]
[SourceVersion "1"]
[SourceVersionDate "1998.11.16"]
[SourceQuality "1"]

1. e4 Nf6 2. e5 Nd5 3. d4 d6 4. exd6 cxd6 5. c4 Nb6 6. Nc3 g6 7. Bd3 Bg7 8. Nge2 0-0 9. a3 Nc6 10. Be3 e5 11. d5 Ne7 12. f3 Nf5 13. Bf2 Bh6 14. Bxf5 Bxf5 15. g4 Bd7 16. b3 f5 17. h3 fxg4 18. hxg4 Bg7 19. Ng3 Qf6 20. Bxb6 axb6 21. 0-0 Bh6 22. Nce4 Be3+ 23. Kg2 Qe7 24. a4 Rf7 25. Qd3 Bd4 26. Ra2 b5 27. cxb5 Rff8 28. Rc2 Rfc8 29. Rfc1 Rxc2+ 30. Rxc2 Rc8 31. Rxc8+ Bxc8 32. Qc4 Bd7 33. Qc7 b6 34. Qxd7 Qxd7 35. Nf6+ Kf7 36. Nxd7 Ke7 37. Nb8 Bc3 38. Ne4 Bb2 39. Nc6+ Kd7 40. Nf6+ Kc7 41. Nxh7 Bc1 42. Nf8 Bh6 43. Nxg6 1-0

[Event "Lega Veneta 7th"]
[Site "Verona"]
[Date "1984.01.28"]
[Round "5"]
[White "Mrdja, Milan"]
[Black "Occari, Maurizio"]
[Result "1/2-1/2"]
[WhiteElo "2345"]
[BlackElo "1900"]
[PlyCount "57"]
[EventDate "1984.01.21"]
[EventType "swiss"]
[EventRounds "8"]
[EventCountry "ITA"]
[SourceTitle "EXT 2024"]
[Source "ChessBase"]
[SourceDate "2023.10.10"]
[SourceVersion "1"]
[SourceVersionDate "2023.10.10"]
[SourceQuality "1"]

1. e4 c5 2. Nf3 e6 3. d4 d5 4. exd5 exd5 5. Bb5+ Nc6 6. 0-0 Nf6 7. Re1+ Be7 8. Ne5 Bd7 9. Bxc6 bxc6 10. dxc5 0-0 11. Be3 Ne4 12. Nd3 Bf5 13. Bd4 Re8 14. Nd2 Ng5 15. b4 a5 16. a3 Ne6 17. Be5 Bf6 18. Nb3 Bxd3 19. Qxd3 Nxc5 20. bxc5 Bxe5 21. Rad1 Qh4 22. g3 Qa4 23. Re3 Bf6 24. Rxe8+ Rxe8 25. Qa6 Bc3 26. Qd3 Bb2 27. Qa6 Bc3 28. Qd3 Bb2 29. Qa6 1/2-1/2

[Event "Lega Veneta 7th"]
[Site "Verona"]
[Date "1984.01.22"]
[Round "4"]
[White "Occari, Maurizio"]
[Black "Ubezio, Marco"]
[Result "1/2-1/2"]
[WhiteElo "1900"]
[BlackElo "2040"]
[PlyCount "111"]
[EventDate "1984.01.21"]
[EventType "swiss"]
[EventRounds "8"]
[EventCountry "ITA"]
[SourceTitle "EXT 2024"]
[Source "ChessBase"]
[SourceDate "2023.10.10"]
[SourceVersion "1"]
[SourceVersionDate "2023.10.10"]
[SourceQuality "1"]

1. e4 c6 2. d4 d5 3. exd5 cxd5 4. c4 Nf6 5. Nc3 Nc6 6. c5 e5 7. Bb5 exd4 8. Qxd4 g6 9. Bf4 Bg7 10. Bd6 Qa5 11. b4 Qd8 12. Nxd5 Nxd5 13. Qxg7 Qf6 14. Qxf6 Nxf6 15. Be5 Ke7 16. Bd6+ Kd8 17. a3 Re8+ 18. Ne2 Bd7 19. 0-0 Nxb4 20. Bxd7 Kxd7 21. axb4 Rxe2 22. Rfd1 Kc6 23. Ra5 Ne4 24. b5+ Kd7 25. Bb8+ Ke6 26. Bxa7 Nxc5 27. Kf1 Re4 28. Ra3 Nd7 29. Bc5 Rxa3 30. Bxa3 Ne5 31. f3 Rc4 32. Rd6+ Kf5 33. Bb2 Rc5 34. b6 Nc4 35. Rf6+ Kg5 36. Bd4 Rd5 37. Bc3 Rf5 38. h4+ Kxh4 39. Rxf5 gxf5 40. Bd4 Kg3 41. Bc5 h5 42. Bd4 Nd2+ 43. Kg1 Nc4 44. Kf1 f4 45. Bf2+ Kh2 46. Bg1+ Kh1 47. Bc5 Ne3+ 48. Kf2 Nxg2 49. Bd6 h4 50. Be5 h3 51. Bd6 h2 52. Bb4 Nh4 53. Bc5 Nf5 54. Kf1 Ne3+ 55. Kf2 f5 56. Bd6 1/2-1/2

[Event "Lega Veneta 7th"]
[Site "Verona"]
[Date "1984.01.21"]
[Round "1"]
[White "Rossato, Gino"]
[Black "Occari, Maurizio"]
[Result "0-1"]
[WhiteElo "1912"]
[BlackElo "1900"]
[PlyCount "61"]
[EventDate "1984.01.21"]
[EventType "swiss"]
[EventRounds "8"]
[EventCountry "ITA"]
[SourceTitle "EXT 2024"]
[Source "ChessBase"]
[SourceDate "2023.10.10"]
[SourceVersion "1"]
[SourceVersionDate "2023.10.10"]
[SourceQuality "1"]

1. c4 c5 2. Nf3 Nf6 3. Nc3 e6 4. d4 cxd4 5. Nxd4 Be7 6. e4 0-0 7. Be2 Nc6 8. 0-0 d6 9. Be3 a6 10. Rc1 Qc7 11. b3 Bd7 12. f3 Rfd8 13. Qe1 Rac8 14. Qf2 Qa5 15. Rfd1 Nxd4 16. Bxd4 Rc6 17. b4 Qxb4 18. Rb1 Qa5 19. Rb3 d5 20. exd5 exd5 21. Qe3 Re6 22. Qf2 Re8 23. h3 Bb4 24. Bf1 dxc4 25. Bxc4 Rc6 26. Rxb4 Qxb4 27. Bb3 Be6 28. Ne4 Nxe4 29. fxe4 Bxb3 30. axb3 Qxb3 31. Qf5 0-1